Movies By 1 Actor and 1 Actress - Denzel Washington Edition - Statistics

General Stats
  • This quiz has been taken 14 times
  • The average score is 13 of 26
Answer Stats
Cast Movie % Correct
Ethan Hawke, Eva Mendes Training Day
92%
Tom Hanks, Roberta Maxwell Philadelphia
77%
Russell Crowe, Carla Gugino American Gangster
69%
Viola Davis, Mykelti Williamson Fences
69%
Don Cheadle, Nadine Valezquez Flight
69%
Angelina Jolie, Michael Rooker The Bone Collector
69%
Martin Csokas, Chloe Grace Moretz The Equalizer
69%
Mark Wahlberg, Paula Patton 2 Guns
62%
Angela Bassett, Giancarlo Esposito Malcolm X
62%
Dakota Fanning, Christopher Walken Man on Fire
62%
Robert Duvall, Gabriela Oltean John Q.
54%
Meg Ryan, Matt Damon Courage Under Fire
46%
Jodie Foster, Willem Dafoe Inside Man
46%
Mila Kunis, Gary Oldman The Book of Eli
46%
Bruce Willis, Annette Benning The Siege
46%
Frances McDormand, Brendan Gleeson The Tragedy of Macbeth
46%
Chris Pine, Rosario Dawson Unstoppable
46%
Tom Sizemore, Jennifer Beals Devil In A Blue Dress
38%
Colin Farrell, Carmen Ejojo Roman J. Israel Esq.
38%
Ryan Reynolds, Vera Farmiga Safe House
38%
Forest Whitaker, Kimberly Elise The Great Debaters
38%
Meryl Streep, Liev Schreiber The Manchurian Candidate
38%
Russell Crowe, Kelly Lynch Virtuosity
38%
Rosario Dawson, John Turturro He Got Game
31%
Chris Pratt, Haley Bennett The Magnificent Seven
31%
Will Patton, Hayden Panettiere Remember The Titans
23%
No matching quizzes found
Score Distribution
Percent of People with Each Score
Percentile by Number Answered
Your Score History
You have not taken this quiz